Engineering materials : (Record no. 36695)

MARC details
000 -LEADER
fixed length control field 00915nam a22002657a 4500
005 - DATE AND TIME OF LATEST TRANSACTION
control field 20100611114549.0
008 - FIXED-LENGTH DATA ELEMENTS--GENERAL INFORMATION
fixed length control field 100611t xxu||||| |||| 00| 0 eng d
010 ## - LCCN (DPL NO)
LC control number ENG-96340
020 ## - INTERNATIONAL STANDARD BOOK NUMBER
International Standard Book Number 9788120338340
Terms of availability 495.00
035 ## - SYSTEM CONTROL NUMBER
System control number EN-79873
037 ## - SOURCE OF ACQUISITION
Source of stock number/acquisition DBAD/PUB
040 ## - CATALOGING SOURCE
Original cataloging agency DPL
Language of cataloging Eng
082 ## - DEWEY DECIMAL CLASSIFICATION NUMBER
Classification number 620.11
100 ## - MAIN ENTRY--PERSONAL NAME
Personal name Budinski, Kenneth G.
9 (RLIN) 21748
245 ## - TITLE STATEMENT
Title Engineering materials :
Statement of responsibility, etc by Kenneth G. Budinski and Michael K. Budinski
Remainder of title properties and selection /
250 ## - EDITION STATEMENT
Edition statement 9th ed.
260 ## - PUBLICATION, DISTRIBUTION, ETC. (IMPRINT)
Place of publication, distribution, etc New Delhi
Name of publisher, distributor, etc PHI
Date of publication, distribution, etc 2009
270 ## - ADDRESS
Address M-97, Connaught Circus,
City New Delhi
Postal code 110001
300 ## - PHYSICAL DESCRIPTION
Extent x, 774p. :
Dimensions 24 cm. (Pbk)
Other physical details ill.
500 ## - GENERAL NOTE
General note includes index
650 ## - SUBJECT ADDED ENTRY--TOPICAL TERM
Topical term or geographic name as entry element Materials
9 (RLIN) 21749
700 ## - ADDED ENTRY--PERSONAL NAME
Personal name Budinski, Michael K.
9 (RLIN) 21750
942 ## - ADDED ENTRY ELEMENTS (KOHA)
Source of classification or shelving scheme Dewey Decimal Classification
Item type English Books
Call number suffix BUD
Classification part 620.11
Holdings
Withdrawn status Lost status Source of classification or shelving scheme Damaged status Not for loan Collection code Home library Current library Date acquired Source of acquisition Cost, normal purchase price Total Checkouts Full call number Barcode Date last seen Copy number Cost, replacement price Koha item type
    Dewey Decimal Classification   Not For Loan Non-fiction D.B.Act.Division D.B.Act.Division 15/05/2010 DBAD/PUB 495.00   BUD EN-79873 11/06/2010 1 495.00 English Books

© Delhi Public Library
Hit Counter
free hit counter